Quizzes
Events
Quiz Creation
Community
Videos
Private Events
Remove Ads
Sign In
Join for FREE
Feedback
Dark Mode
Quiz Categories
Sports
Geography
Music
Movies
Television
Just For Fun
Miscellaneous
History
Literature
Language
Science
Gaming
Entertainment
Religion
Holiday
For Kids
Quiz Lab
Recent
Popular Today
Quiz Kudos Today
Editor Picks
Curator Picks
Quizzes by...
Day
Popularity
Type
Ratings
Length
Year
Community
Subscriptions
Recent Discussions
Orange Saloon
Badges
Playlists
Quests
Create
Leaderboards
Showdown
Live 5
Trivia Bingo
Activity
Puzzle Library
Sporcle Events
Private Events
Virtual Trivia
Globe League
Become a Host
Pub Owners
SporcleCon
Opinionation
Our Games
Videos
Blog
Mobile Apps
Partnerships
Remove Ads and Go Orange
Feedback
Gaming
Video Games
Board Games
Card Games
Pokémon
Mario
Nintendo
Minecraft
Console
Toys
Legend of Zelda
Gaming
Video Games
Board Games
Card Games
Pokémon
Mario
Nintendo
Minecraft
Console
Toys
Legend of Zelda
Random Quiz
Search Sporcle
×
Quiz Lab
Quiz Lab
Gaming
Type in answers that appear in a list
Type in answers that appear in a list
Classic
Best Score? Go Orange.
Games by Cover Pokemon Stats
Can you name the Handheld Pokemon Games by Cover Pokemon?
By
Ninjadude
10m
19 Questions
1,211 Plays
1,211 Plays
1,211 Plays
Comments
Comments
Give Quiz Kudos
Give Quiz Kudos
-
- Ratings
hide this ad
Forced Order
Answers have to be entered in order
Answers have to be entered in order
Replay
Link that replays current quiz
Next Quiz
Link to next quiz in quiz playlist
You Got
0%
They Got
Avg Score
91%
Avg Friend Score
Upgrade to see
Score Distribution
Jump to the score distribution portion of the page
Score
0/19
Timer
10:00
0
Plays Today
hint
% Correct
Charizard (Game Boy)
Red
99.4%
Blastoise
Blue
99.2%
Pikachu
Yellow
98.8%
Ho-
oh (Game Boy Color)
Gold
97.5%
Lugia (Game Boy Color)
Silver
97.5%
Groudon
Ruby
94%
Charizard (GBA)
Firered
92.2%
Venusaur
Leafgreen
91.7%
Kyogre
Sapphire
90.7%
Suicune
Crystal
89.4%
hint
% Correct
Rayquaza
Emerald
89.3%
Palkia
Pearl
89%
Dialga
Diamond
88.9%
Zekrom
White
88.5%
Reshiram
Black
88.4%
Lugia (Nintendo ds family)
SoulSilver
86.7%
Ho-
oh (Nintendo ds family)
HeartGold
86.6%
Giratina (Origin Form)
Platinum
82.4%
Venusaur (Japan only)
Green
78.4%
Quiz Playlist
Details
Report
Send in Message
Add To Playlist
Classic:
Type in answers that appear in a list
Forced Order:
Answers have to be entered in order
Last Updated: Feb 16, 2017
Quiz Scoreboard
CHALLENGE
Sign Up to Join the Scoreboard
Show All
Scores
Hide
Comments
May contain spoilers
Recently Published
Movies - When Are They Set?
by FPL_Elf
Movies
5m
Popular People in 1961
by mucciniale
History
6m
1-10 Letter E Words III
by El_Dandy
Language
2m
More to Explore
Quiz From the Vault
Featured Blog Post
Where Did the Easter Bunny Come From?
hide this ad
You Might Also Like...
Tags
This quiz does not have any tags.
Today's Top Quizzes in Gaming
Browse Gaming
hide this ad
Top Contributed Quizzes in Gaming
1
Destiny 2 exotic weapons by perk icons
2
Ultimate Genshin Impact Logic Puzzle (up to 4.3)
3
Genshin Impact Logic Puzzle Quiz
4
Who's on the WWE 2K24 Cover?
5
Windmill: Pokémon
6
Franchise by Action Figure
7
Legendary or Exotic?
8
Overwatch 2: Ultimate Ability Icons
9
Overwatch 2 Heroes by Selection Quote
10
Genshin murder mystery
Explore More
Trending Topics
Crossword
NBA
Disney
Anime
Marvel
Harry Potter
Kpop
The Office
Soccer
NFL
Country
Song
WWE
Pokémon
Puzzle
hide this ad
More By:
Ninjadude
Quiz
Plays
Rating
Category
Featured
Created
Games by Cover Pokemon
1,211
1.70
Gaming
Aug 7, 2010
Mario Characters by Quotes
842
1.87
Gaming
May 29, 2010
Random Pokemon Trivia
490
1.80
Gaming
Feb 3, 2011
Super Smash Bros. Brawl Characters by Game
482
1.40
Gaming
Jul 23, 2010
Obscure Mario Characters
273
1.00
Gaming
Feb 21, 2011
Go to Creator's Profile
Score Distribution
Quiz Creator Spotlight
Ninjadude
Follow
Send a Message
Quizzes Created
-
Created Quiz Play Count
-
More By This Creator
Popular Quizzes Today
1
Find the Countries of Europe - No Outlines Minefield
2
Find the US States - No Outlines Minefield
3
The Countries of the World
4
Popular People in 1961
5
1-10 Letter E Words III
6
US States
7
Find the US States
8
One Thing in Common: World Cities II
More Gaming Quizzes
Mastermind
Published
Trending Quizzes
Risky Map Clicking: Least Populous States A-Z
1-10 Letter F Words
Humor Books: The Subtitles
1-10 Letter G Words
One Thing in Common: United Kingdom
Recently Updated
Leaping Animals
pecheneg
Reality TV Shows (A-Z)
bhenderson79
Rickey Henderson's Hall of Fame Teammates
pecheneg
Champions League XIs: Arsenal
pecheneg
Quick Pick: Celebrities in WWE's Hall of Fame
aduchscher
A-Z Keypad Blitz II
pecheneg
Multiple Oscar Actors
pecheneg
Mystery Phrase Blitz: Oscar 'Best Actors'
pecheneg
F. Scott Fitzgerald Novels
LTH
Pick 3 Villains
ddd62291
Trending Topics
NBA
Harry Potter
Disney
Marvel
Kpop
Crossword
Anime
Country
NFL
Soccer
Puzzle
The Office
Pokémon
WWE
Song
Your Account Isn't Verified!
In order to create a playlist on Sporcle, you need to verify the email address you used during registration. Go to your
Sporcle Settings
to finish the process.
Report this User
Report this user for behavior that violates our
Community Guidelines
.
Details:
Send Report
Go to the Sporcle.com Mobile Site →
Comments